1503 1432 1785 1754 1260 1148 1420 1884 1307 1801 1715 1444 1948 1964 1709 1421 1057 1652 1746 1674 1834 1090 1415 1112 1365 1498 1083 1613 1385 1225 1074 1305 1499 1975 1362 1250 1470 1450 1315 1608 1474 1760 1048 1589 1951 1528 1459 1156 1790 1202 1780 1347 1794 1135 1359 1789 1850 1391 1922 1332 1793 1896 1693 1210 1184 1634 1866 1212 1779 1768 1090 1972 1104 1838 1342 1898 1028 1388 1847 1203 1011 1994 1820 1536 1554 1736 1860 1584 1070 1992 1591 1548 1684 1341 1534 1561 1382 1422 1761 BCNSPRNW ULIB Ver.6.0+V

เปลี่ยนเป็นภาษาไทย

Change to English
 แสดงรายละเอียดบรรณานุกรม
  กลับหน้าหลัก

Brief Record : Get Marc (ISO 2709) : E-mail record : QR code < ปิดหน้าต่าง
LEADER : 00000nam 2200000uu 4500
001    13399110729
003     ULIB
008    110608s2552||||th 000 0 tha d
020    9789744140883
041 1  tha^heng
050  4 BF431^bซ712ค 2552
100 1  เซียร์ไบรอาคอฟฟ์, วิกเตอร์
245 10 คุณคืออัจฉริยะ! =^bHow intelligent are you? The universalIQ tests /^cVictor Serebriakoff ; ผู้แปล: ปฏิพล ตั้งจักรวรานนท์ ; ผู้เรียบเรียง: ธนิกานต์ มาฆะศิรานนท์
246 31 How intelligent are you? The universal IQ tests
250    พิมพ์ครั้งที่ 2
260    กรุงเทพฯ :^bบิสคิต,^c2552
300    159 หน้า :^bภาพประกอบ ;^c21 ซม.
650  7 เกม
650  7 คณิตศาสตร์นันทนาการ
650  7 ตรรกวิทยา
650  7 แบบทดสอบสติปัญญา
650  7 แบบทดสอบทางจิตวิทยา
650  7 ปริศนา
650  7 ปัญญา^xการทดสอบ
650  7 ระดับสติปัญญา^xการทดสอบ
700 0  ปฏิพล ตั้งจักรวรานนท์,^eผู้แปล
700 0  ธนิกานต์ มาฆะศิรานนท์,^eผู้แปล
700 12 Serebriakoff, Victor.^tHow intelligent are you? Theuniversal IQ tests
945    ^p200^l0^i18248
995    กัณชพร
999    ^aใช้งานได้ทุกระบบ
รายการนี้ยังไม่มีแท็ก
คุณยังไม่ได้ล็อกอิน คุณสามารถมีกิจกรรมร่วมกับเว็บไซต์ได้ แต่ต้องล็อกอินก่อน ::
  ล็อกอิน

รายการสื่อสารสนเทศ

ลำดับที่ ประเภท เลขเรียก/บาร์โค้ด สถานที่ สถานะ
- ไม่พบข้อมูล -

รายการใกล้เคียง
    ผู้แต่ง [เซียร์ไบรอาคอฟฟ์, วิกเตอร์]

    หัวเรื่อง [เกม]
    หัวเรื่อง [คณิตศาสตร์นันทนาการ]
    หัวเรื่อง [ตรรกวิทยา]
    หัวเรื่อง [แบบทดสอบสติปัญญา]
    หัวเรื่อง [แบบทดสอบทางจิตวิทยา]
    หัวเรื่อง [ปริศนา]

BibComment


ยังไม่เคยถูกคอมเมนท์

คอมเมนท์ทรัพยากรรายการนี้
  คอมเมนท์: คุณคืออัจฉริยะ H..


 Copyright 2026. Bcnsprnw @Library